Anundoram Borooah (Record no. 2848)

MARC details
000 -LEADER
fixed length control field 00479cam a2200193ua 4500
001 - CONTROL NUMBER
control field 3002
005 - DATE AND TIME OF LATEST TRANSACTION
control field 20260515113622.0
008 - FIXED-LENGTH DATA ELEMENTS--GENERAL INFORMATION
fixed length control field 110921n ii |||gr||||Z||||||asm
040 ## - CATALOGING SOURCE
Transcribing agency MAIN
082 ## - DEWEY DECIMAL CLASSIFICATION NUMBER
Classification number 920
100 1# - MAIN ENTRY--PERSONAL NAME
Personal name Bhuyan, Surjya Kumar,
245 11 - TITLE STATEMENT
Title Anundoram Borooah
Statement of responsibility, etc. by Suryya Kumar Bhuyan
250 ## - EDITION STATEMENT
Edition statement 8th.
260 ## - PUBLICATION, DISTRIBUTION, ETC.
Place of publication, distribution, etc. Guahati:
Name of publisher, distributor, etc. Lawyers book Stall,992.
300 ## - PHYSICAL DESCRIPTION
Extent 163p:
Dimensions 23cm.
653 ## - INDEX TERM--UNCONTROLLED
Uncontrolled term Biography
653 ## - INDEX TERM--UNCONTROLLED
Uncontrolled term Biography of Anundoram Borooah
942 ## - ADDED ENTRY ELEMENTS (KOHA)
Koha item type Books
Holdings
Withdrawn status Lost status Damaged status Not for loan Home library Current library Shelving location Date acquired Total checkouts Full call number Barcode Date last seen Copy number Price effective from Koha item type
        Naharkatiya College Library Naharkatiya College Library General stacks 09/19/2020   920 | BHU 10809 09/19/2020 1 09/19/2020 Books